MARC details
| 000 -CABECERA |
| campo de control de longitud fija |
01747nam a2200361 a 4500 |
| 001 - NÚMERO DE CONTROL |
| campo de control |
000016775 |
| 005 - FECHA Y HORA DE LA ÚLTIMA TRANSACCIÓN |
| campo de control |
20260417112310.0 |
| 008 - DATOS DE LONGITUD FIJA--INFORMACIÓN GENERAL |
| campo de control de longitud fija |
100310s2002 dr ad r 000 0 spa d |
| 020 ## - NÚMERO INTERNACIONAL ESTÁNDAR DEL LIBRO |
| Número Internacional Estándar del Libro |
999348704X |
| 040 ## - FUENTE DE LA CATALOGACIÓN |
| Centro catalogador/agencia de origen |
DO-SdBNP |
| Lengua de catalogación |
spa |
| Centro/agencia transcriptor |
BNPHU |
| 082 ## - NÚMERO DE LA CLASIFICACIÓN DECIMAL DEWEY |
| Número de clasificación |
362.7 |
| Número de documento/Ítem |
D536p |
| 245 00 - MENCIÓN DE TÍTULO |
| Título |
Diagnóstico participativo : |
| Resto del título |
perfil de los adolescentes de la ciudad de Santiago de los Caballeros 1998-2000 / |
| Mención de responsabilidad, etc. |
Liliam de Brens... [et al.] ; presentación Agripino Nuñez Collado. |
| 260 ## - PUBLICACIÓN, DISTRIBUCIÓN, ETC. |
| Lugar de publicación, distribución, etc. |
Santiago de los Caballeros, República Dominicana : |
| Nombre del editor, distribuidor, etc. |
Pontificia Universidad Católica Madre y Maestra, |
| Fecha de publicación, distribución, etc. |
2002. |
| 300 ## - DESCRIPCIÓN FÍSICA |
| Extensión |
173 p. : |
| Otras características físicas |
il., tablas ; |
| Dimensiones |
23 cm. |
| 504 ## - NOTA DE BIBLIOGRAFÍA, ETC. |
| Nota de bibliografía, etc. |
Incluye referencias bibliográficas y notas al pie de páginas. |
| 504 ## - NOTA DE BIBLIOGRAFÍA, ETC. |
| Nota de bibliografía, etc. |
Bibliografía : p. 171-173. |
| 590 ## - NOTA LOCAL (RLIN) |
| Nota local |
Inventariado, 2018/BT |
| 650 #0 - PUNTO DE ACCESO ADICIONAL DE MATERIA--TÉRMINO DE MATERIA |
| Término de materia o nombre geográfico como elemento de entrada |
Psicología del adolescente |
| 9 (RLIN) |
9034 |
| 650 #4 - PUNTO DE ACCESO ADICIONAL DE MATERIA--TÉRMINO DE MATERIA |
| Término de materia o nombre geográfico como elemento de entrada |
Trabajo social con adolescentes |
| 9 (RLIN) |
37166 |
| 650 #4 - PUNTO DE ACCESO ADICIONAL DE MATERIA--TÉRMINO DE MATERIA |
| Término de materia o nombre geográfico como elemento de entrada |
Jóvenes |
| Subdivisión general |
Consumode drogas |
| 9 (RLIN) |
37167 |
| 650 #4 - PUNTO DE ACCESO ADICIONAL DE MATERIA--TÉRMINO DE MATERIA |
| Término de materia o nombre geográfico como elemento de entrada |
Trabajo social con jóvenes |
| 9 (RLIN) |
33718 |
| 651 #0 - PUNTO DE ACCESO ADICIONAL DE MATERIA--NOMBRE GEOGRÁFICO |
| Nombre geográfico |
Santiago de los Caballeros (Republica Dominicana) |
| 9 (RLIN) |
8269 |
| 700 12 - PUNTO DE ACCESO ADICIONAL--NOMBRE DE PERSONA |
| Nombre de persona |
Brens, Liliam de |
| 9 (RLIN) |
37168 |
| 700 12 - PUNTO DE ACCESO ADICIONAL--NOMBRE DE PERSONA |
| Nombre de persona |
Brens, Víctor |
| 9 (RLIN) |
37169 |
| 700 12 - PUNTO DE ACCESO ADICIONAL--NOMBRE DE PERSONA |
| Nombre de persona |
Zouain, José Joaquín |
| 9 (RLIN) |
37170 |
| 700 12 - PUNTO DE ACCESO ADICIONAL--NOMBRE DE PERSONA |
| Nombre de persona |
Mejía, Maritza |
| 9 (RLIN) |
37171 |
| 700 12 - PUNTO DE ACCESO ADICIONAL--NOMBRE DE PERSONA |
| Nombre de persona |
Torres, Ynmaculada |
| 9 (RLIN) |
37172 |
| 700 12 - PUNTO DE ACCESO ADICIONAL--NOMBRE DE PERSONA |
| Nombre de persona |
Antúnez Lojas, María T |
| 9 (RLIN) |
37173 |
| 700 1# - PUNTO DE ACCESO ADICIONAL--NOMBRE DE PERSONA |
| Nombre de persona |
Núñez Collado, Agripino |
| Fechas asociadas al nombre |
1933-2022 |
| Término indicativo de función/relación |
present. |
| 9 (RLIN) |
8457 |
| 710 2# - PUNTO DE ACCESO ADICIONAL--NOMBRE DE ENTIDAD CORPORATIVA |
| Nombre de entidad corporativa o nombre de jurisdicción como elemento de entrada |
Pontificia Universidad Católica Madre y Maestra (PUCMM). |
| Unidad subordinada |
Centro de Investigación y Formación para la Prevención Integral |
| 9 (RLIN) |
37174 |
| 710 2# - PUNTO DE ACCESO ADICIONAL--NOMBRE DE ENTIDAD CORPORATIVA |
| Nombre de entidad corporativa o nombre de jurisdicción como elemento de entrada |
Federación Internacionales de Universidades Católicas (FIUC). |
| Unidad subordinada |
Programa Formación en Investigación para la Intervención Comunitaria |
| 9 (RLIN) |
37175 |
| 910 ## - DATOS DE OPCIÓN DEL USUARIO (OCLC) |
| Datos de opción del usuario |
Validado. Control de calidad. EMS |